[Event "Barcelona Llobregat op 5th"]
[Site "Barcelona"]
[Date "2014.04.12"]
[Round "2"]
[White "Capellades Subirana, Marc"]
[Black "Arroyo Garcia, Francisco"]
[Result "1-0"]
[WhiteElo "2290"]
[BlackElo "1777"]
[PlyCount "45"]
[EventDate "2014.04.05"]
[EventType "swiss"]
[EventRounds "8"]
[EventCountry "ESP"]
[SourceTitle "CBM 160 Extra"]
[Source "ChessBase"]
[SourceDate "2014.07.01"]
[SourceVersion "1"]
[SourceVersionDate "2014.07.01"]
[SourceQuality "1"]

1. e4 c5 2. Nf3 Nc6 3. d4 cxd4 4. Nxd4 Nf6 5. Nc3 a6 6. Bc4 e6 7. Nxc6 bxc6 8. e5 Nd5 9. Ne4 Qc7 10. Qh5 Be7 11. f4 Bb7 12. 0-0 Qb6+ 13. Kh1 Ne3 14. Bxe3 Qxe3 15. Ng5 Bxg5 16. Qxg5 0-0 17. Rad1 h6 18. Qg4 Rad8 19. Rf3 Qc5 20. Rg3 g6 21. Bd3 Qe7 22. Qh5 f5 23. Rxg6+ 1-0